000 00683nam a2200241 i 4500
001 bgj
100 1 _aWELFARE, Simon
245 1 0 _aFuturology /
_cSimon Welfare ; series editor: David Christie.
260 _aLondon :
_bELT [Penguin Books],
_c1989.
300 _a68 pp :
_bill., photos, maps +
_e25 cm.
490 1 _aNew Connexions ;
_v4
504 _aBibliography p. 68.
650 9 _aEnglish language
655 _aTextbooks for foreigners
700 1 _aCHRISTIE, David.
_eseries editor
830 _aNew Connexions ;
020 _a014080885X
040 _cBPK
041 0 _aeng
920 _a0-14-080885-X
942 _cKS
008 s uk f |000 0 eng
999 _c48503
_d48503
856 _uhttp://koha.tu.koszalin.pl/cgi-bin/koha/opac-detail.pl?biblionumber=48503
_yKatalog online BPK